Geography Quiz

Random Geography or City Quiz
Score 0/15 Timer 06:00
0 Plays Today
% Correct
Kinshasa
100%
Lubumbashi
74.2%
Mbuji-Mayi
54.8%
Kisangani
51.6%
Kananga
41.9%
Boma
25.8%
Kikwit
25.8%
Mbandaka
25.8%
% Correct
Bukavu
22.6%
Kolwezi
22.6%
Likasi
22.6%
Tshikapa
22.6%
Matadi
19.4%
Uvira
12.9%
Mwene-Ditu
9.7%

You're not logged in!

Compare scores with friends on all Sporcle quizzes.
OR
Log In

Sporcle TV

Today on Sporcle TV


Watch our educational content, quiz creation guides, and fun videos on Sporcle TV.

Show Comments

Extras

Top Quizzes Today


Score Distribution

Paid Content

Your Account Isn't Verified!

In order to create a playlist on Sporcle, you need to verify the email address you used during registration. Go to your Sporcle Settings to finish the process.

Report this User

Report this user for behavior that violates our Community Guidelines.

Details: